The Theory of Typewriting (Record no. 156875)

MARC details
000 -LEADER
fixed length control field 00574nam a22002057a 4500
003 - CONTROL NUMBER IDENTIFIER
control field dpl
005 - DATE AND TIME OF LATEST TRANSACTION
control field 20180904130205.0
008 - FIXED-LENGTH DATA ELEMENTS--GENERAL INFORMATION
fixed length control field 180904b xxu||||| |||| 00| 0 eng d
010 ## - LIBRARY OF CONGRESS CONTROL NUMBER
LC control number B-018115
020 ## - INTERNATIONAL STANDARD BOOK NUMBER
Terms of availability 75.00
035 ## - SYSTEM CONTROL NUMBER
System control number B-018115
040 ## - CATALOGING SOURCE
Original cataloging agency dpl
Language of cataloging EN
Transcribing agency 0
082 ## - DEWEY DECIMAL CLASSIFICATION NUMBER
Item number Rai
100 ## - MAIN ENTRY--PERSONAL NAME
Personal name Dr. Prabhakar Raizada
245 ## - TITLE STATEMENT
Title The Theory of Typewriting
Statement of responsibility, etc bY Dr. Prabhakar Raizada
Medium EN
260 ## - PUBLICATION, DISTRIBUTION, ETC. (IMPRINT)
Place of publication, distribution, etc New Delhi
Name of publisher, distributor, etc Pitambar Publishing company (p) Ltd.
Date of publication, distribution, etc 2000
270 ## - ADDRESS
Address 888, East Park Road, Karolbagh
City Delhi
Postal code 110005
300 ## - PHYSICAL DESCRIPTION
Extent 140pgs
Dimensions 21cm
942 ## - ADDED ENTRY ELEMENTS (KOHA)
Source of classification or shelving scheme Dewey Decimal Classification
Koha item type English Books
Call number suffix Rai
Holdings
Withdrawn status Lost status Source of classification or shelving scheme Damaged status Not for loan Collection code Home library Current library Date acquired Source of acquisition Cost, normal purchase price Total Checkouts Full call number Barcode Date last seen Cost, replacement price Price effective from Koha item type
    Dewey Decimal Classification     Non-fiction Patel Nagar Patel Nagar 04/09/2018 BPPD/PUB 75.00   Raiza B-018115 04/09/2018 75.00 04/09/2018 English Books

© Delhi Public Library
Hit Counter
free hit counter